00660nam a22001937a 450000500170000001000150001702000260003203500140005803700130007208200140008510000200009924501120011926000500023127001180028130000160039970000180041570000170043370000160045020230814142442.0 aENG-137475 c300.00a9788195302444 aEN-121007 bDBAD/PUB a333.30954 aFernades Walter aEthnicity and Land Conflicts:cBy Walter Fernandsb Develpoment- induced dispalcement in Tripura 1947-2010/ aGuwatibNorth Eastern Social Research Centre  aNorth Eastern Social Research Centre Jagriti 2nd Floor, Arunodoi Path, GMCH Road, Christian BastibGuwatie781005 a278p.c22cm aThomas Malsom aGita Bharali aMeenal Tula